Statistics for Municipalities of Yamagata Prefecture

Click here to take the quiz!

General Stats

  • This quiz has been taken 47 times
  • The average score is 25 of 35

Answers on the Map

Answers color-coded by a green-red scale on the quiz's map according to % correct below.
 

Answer Stats

Answer% Correct
Sakata 酒田
100%
Tsuruoka 鶴岡
100%
Yamagata 山形
100%
Yonezawa 米沢
95%
Shinjo 新庄
89%
Tendo 天童
89%
Obanazawa 尾花沢
84%
Higashine 東根
79%
Kaminoyama 上山
79%
Murayama 村山
79%
Oishida 大石田
79%
Sagae 寒河江
79%
Yuza 遊佐
79%
Mogami 最上
74%
Nagai 長井
74%
Nan'yo 南陽
74%
Oguni 小国
74%
Takahata 高畠
74%
Kaneyama 金山
63%
Sakegawa 鮭川
63%
Shonai 庄内
63%
Tozawa 戸沢
63%
Asahi 朝日
58%
Funagata 舟形
58%
Kawanishi 川西
58%
Mamurogawa 真室川
58%
Mikawa 三川
58%
Nishikawa 西川
58%
Oe 大江
58%
Okura 大蔵
58%
Yamanobe 山辺
58%
Iide 飯豊
53%
Kahoku 河北
53%
Nakayama 中山
53%
Shirataka 白鷹
53%

Score Distribution

Percentile by Number Answered

Percent of People with Each Score

Your Score History

You have not taken this quiz